00897cam a22002657a 450000500170000000800410001701000100005801100100006803500100007808200150008810000290010324501070013226000400023930000100027959000410028959000410033059000410037159000420041265000360045465000300049065000320052090100070055294900550055999900170061420220329141253.0971010s1989 r 00010 d a65500 a66472 a74646 a633.11bR300aRajaram, Sanjaya.993772 0aResultados del 23 Ensayo Internacional de Rendimiento de Trigos Harineros de Primavera (ISWYN) 1986-87 aEl Batán, Méx. :bCIMMYT,c1989 a88 p. aBATCH-UPDb10c20130110lUCH01h1413 aBATCH-UPDb10c20130410lUCH01h0858 aBATCH-UPDb10c20130914lUCH01h2024 aCONVERSIONb10c20130109lUCH01h133614aTrigoxInvestigación.911504614aTrigoxProductos.911508314aTrigoxRendimiento.9115092 aBK a633.11 R3bPAcLIBROd-7530eLIBROh1832i74646si c65500d65500